Ainsi parlait Zarathoustra
Saved in:
| Hovedforfatter: | |
|---|---|
| Format: | Bog |
| Sprog: | fransk tysk |
| Udgivet: |
París
Aubier
1968
|
| Serier: | Collection Bilingue des Classiques Etrangers
|
| Fag: | |
| Tags: |
Tilføj Tag
Ingen Tags, Vær først til at tagge denne postø!
|
MARC
| LEADER | 00000nam a2200000 a 4500 | ||
|---|---|---|---|
| 001 | UCO5145 | ||
| 003 | CL-VaPUC | ||
| 005 | 20250108095051.0 | ||
| 008 | 000825e19680000FR |||||||||||||||||fre|d | ||
| 999 | |c 291097 |d 291095 | ||
| 040 | |c Pontificia Universidad Católica de Valparaíso | ||
| 041 | 0 | 7 | |a fre |2 CL-VaPUC |
| 041 | 0 | 7 | |a ger |2 CL-VaPUC |
| 082 | 0 | 4 | |a 193 |b NIE |2 21 |
| 100 | |a Nietzsche, Friedrich |q (Friedrich Wilhelm) |e auteur |9 875912 | ||
| 245 | 1 | 0 | |a Ainsi parlait Zarathoustra |
| 246 | 1 | 0 | |a Also sprach Zarathustra |
| 260 | |a París |b Aubier |c 1968 | ||
| 300 | |a 638 p | ||
| 490 | 0 | |a Collection Bilingue des Classiques Etrangers | |
| 583 | |a last modification |c 20150924 22:06:13 |k Rodrigo Vera | ||
| 650 | 0 | |a Filosofía alemana |9 265002 | |
| 650 | 0 | |a Antropología filosófica |9 265842 | |
| 650 | 0 | |a Nihilismo |9 265670 | |
| 650 | 0 | |a Mitos |9 267117 | |
| 650 | 0 | |a Ateísmo |9 265671 | |
| 942 | |c BK |2 ddc | ||
| 945 | |d 20000825 00:00:00 |a crobeson | ||
| 952 | |0 0 |1 0 |4 0 |6 193_000000000000000_NIE_1968 |7 0 |8 P |9 340769 |a BIBEDU |b BIBEDU |c BIBEDU_PB |d 2019-11-20 |i 3740773 |o 193 NIE 1968 |p 3740773 |r 2024-01-25 |w 2019-11-20 |y BK |k FIL | ||